[Event "CZE-chT 1415"]
[Site "Czech Republic"]
[Date "2014.11.02"]
[Round "2.1"]
[White "Oral, Tomas"]
[Black "Stohl, Igor"]
[Result "1/2-1/2"]
[WhiteElo "2489"]
[BlackElo "2499"]
[PlyCount "54"]
[EventDate "2014.11.01"]
[EventType "team-tourn"]
[EventRounds "11"]
[EventCountry "CZE"]
[SourceTitle "EXT 2015"]
[Source "ChessBase"]
[SourceDate "2014.11.20"]
[SourceVersion "1"]
[SourceVersionDate "2014.11.20"]
[SourceQuality "1"]
[WhiteTeam "Lysa nad Labem"]
[BlackTeam "Trinec"]
[WhiteTeamCountry "CZE"]
[BlackTeamCountry "CZE"]

1. e4 c5 2. Nf3 d6 3. d4 cxd4 4. Nxd4 Nf6 5. Nc3 a6 6. Be2 e6 7. 0-0 Be7 8. f4 Qc7 9. a4 Nc6 10. Be3 0-0 11. Kh1 Re8 12. Bf3 Na5 13. Bg1 Bf8 14. Nde2 Rb8 15. Ba7 Ra8 16. Bg1 Rb8 17. Ba7 Ra8 18. Bf2 Rb8 19. Qd3 b6 20. Bg3 Nd7 21. Nd4 Bb7 22. b4 Nc4 23. Ncb5 axb5 24. Nxb5 Qc8 25. Na7 Qc7 26. Nb5 Qc8 27. Na7 Qc7 1/2-1/2

[Event "Chigorin Memorial 22nd"]
[Site "St Petersburg"]
[Date "2014.10.25"]
[Round "8"]
[White "Nechaeva, Marina"]
[Black "Oral, Tomas"]
[Result "1-0"]
[WhiteElo "2364"]
[BlackElo "2513"]
[PlyCount "91"]
[EventDate "2014.10.18"]
[EventType "swiss"]
[EventRounds "9"]
[EventCountry "RUS"]
[SourceTitle "EXT 2015"]
[Source "ChessBase"]
[SourceDate "2014.11.20"]
[SourceVersion "1"]
[SourceVersionDate "2014.11.20"]
[SourceQuality "1"]

1. d4 Nf6 2. c4 g6 3. Nc3 d5 4. Bg5 Ne4 5. Bh4 Nxc3 6. bxc3 Bg7 7. cxd5 Qxd5 8. e3 c5 9. Nf3 cxd4 10. cxd4 Nc6 11. Be2 0-0 12. 0-0 Bf5 13. Nd2 e5 14. Bf3 e4 15. Be2 Rfc8 16. Qb3 Qd7 17. Rfd1 Bf8 18. Rac1 Na5 19. Qb1 Qa4 20. d5 Qb4 21. Rxc8 Rxc8 22. Qxb4 Bxb4 23. g4 g5 24. Bxg5 Bg6 25. Nb3 Nxb3 26. axb3 Bd6 27. Bf6 Rc2 28. Kf1 Kf8 29. h4 h5 30. Ra1 a6 31. Bxa6 bxa6 32. Rxa6 Bb8 33. Ra8 Rc8 34. Be5 Bxe5 35. Rxc8+ Ke7 36. gxh5 Bxh5 37. b4 Bg4 38. Rg8 Bh3+ 39. Kg1 Kd6 40. h5 Kxd5 41. h6 Bf5 42. b5 Bg6 43. Rc8 Bf5 44. Rc2 Ke6 45. b6 Kf6 46. Rc5 1-0

[Event "Chigorin Memorial 22nd"]
[Site "St Petersburg"]
[Date "2014.10.24"]
[Round "7"]
[White "Oral, Tomas"]
[Black "Sjugirov, Sanan"]
[Result "0-1"]
[WhiteElo "2513"]
[BlackElo "2664"]
[PlyCount "46"]
[EventDate "2014.10.18"]
[EventType "swiss"]
[EventRounds "9"]
[EventCountry "RUS"]
[SourceTitle "EXT 2015"]
[Source "ChessBase"]
[SourceDate "2014.11.20"]
[SourceVersion "1"]
[SourceVersionDate "2014.11.20"]
[SourceQuality "1"]

1. e4 c6 2. d4 d5 3. exd5 cxd5 4. c4 Nf6 5. Nc3 Nc6 6. Bg5 Ne4 7. Nxe4 dxe4 8. d5 Ne5 9. Rc1 g6 10. c5 Bg7 11. Qa4+ Bd7 12. c6 bxc6 13. dxc6 Nxc6 14. Rxc6 0-0 15. Qxe4 Bxc6 16. Qxc6 Qa5+ 17. Bd2 Qxa2 18. Bd3 Rad8 19. Ke2 Rd6 20. Qc4 Qa1 21. Qc1 Re6+ 22. Kf3 Qa4 23. Qc4 Qd1+ 0-1

[Event "Chigorin Memorial 22nd"]
[Site "St Petersburg"]
[Date "2014.10.23"]
[Round "6"]
[White "Yandarbiev, Ruslan"]
[Black "Oral, Tomas"]
[Result "0-1"]
[WhiteElo "2339"]
[BlackElo "2513"]
[PlyCount "84"]
[EventDate "2014.10.18"]
[EventType "swiss"]
[EventRounds "9"]
[EventCountry "RUS"]
[SourceTitle "EXT 2015"]
[Source "ChessBase"]
[SourceDate "2014.11.20"]
[SourceVersion "1"]
[SourceVersionDate "2014.11.20"]
[SourceQuality "1"]

1. e4 c5 2. Nf3 Nc6 3. d4 cxd4 4. Nxd4 Qc7 5. Nc3 e6 6. Be3 a6 7. Qd2 b5 8. Nxc6 Qxc6 9. f3 Nf6 10. 0-0-0 Bb7 11. g4 d5 12. e5 Nd7 13. Bd4 b4 14. Ne2 a5 15. Kb1 a4 16. f4 b3 17. cxb3 axb3 18. a3 Nb6 19. Bxb6 Qxb6 20. Nd4 Bc5 21. Bb5+ Ke7 22. a4 Bxd4 23. Qxd4 Qxd4 24. Rxd4 Rhc8 25. Rhd1 Ba6 26. Rb4 Bxb5 27. axb5 Rab8 28. Rd3 Rc4 29. Rdxb3 Rxb4 30. Rxb4 Kd7 31. Kc2 Kc7 32. Kb3 Kb6 33. Ra4 Kc5 34. Ra7 Rxb5+ 35. Kc2 Kd4 36. Rxf7 Ke3 37. f5 d4 38. fxe6 d3+ 39. Kc3 Rc5+ 40. Kb4 Rxe5 41. Rxg7 d2 42. Rd7 Ke2 0-1

[Event "Chigorin Memorial 22nd"]
[Site "St Petersburg"]
[Date "2014.10.19"]
[Round "2"]
[White "Gurvich, Vitaly"]
[Black "Oral, Tomas"]
[Result "1/2-1/2"]
[WhiteElo "2106"]
[BlackElo "2513"]
[PlyCount "40"]
[EventDate "2014.10.18"]
[EventType "swiss"]
[EventRounds "9"]
[EventCountry "RUS"]
[SourceTitle "EXT 2015"]
[Source "ChessBase"]
[SourceDate "2014.11.20"]
[SourceVersion "1"]
[SourceVersionDate "2014.11.20"]
[SourceQuality "1"]

1. d4 Nf6 2. c4 e6 3. Nf3 b6 4. a3 c5 5. d5 Ba6 6. Qc2 exd5 7. cxd5 g6 8. Nc3 Bg7 9. Bf4 d6 10. Qa4+ b5 11. Nxb5 0-0 12. Nc3 Qb6 13. Qc2 Nbd7 14. e4 Bxf1 15. Kxf1 Nh5 16. Be3 f5 17. Re1 fxe4 18. Nxe4 Rfb8 19. Ned2 Qxb2 20. Qxb2 Rxb2 1/2-1/2